Principles of Economics 12/e
Gardado en:
| Autor Principal: | |
|---|---|
| Formato: | Libro |
| Publicado: |
Pearson
|
| Tags: |
Sen Etiquetas, Sexa o primeiro en etiquetar este rexistro!
|
MARC
| LEADER | 00000nam a2200000Ia 4500 | ||
|---|---|---|---|
| 005 | 20260513122053.0 | ||
| 020 | |a 9789352863433 | ||
| 100 | |a Case | ||
| 365 | |c Rs. | ||
| 365 | |b 25.00 | ||
| 942 | |c BK | ||
| 245 | |a Principles of Economics 12/e | ||
| 260 | |b Pearson | ||
| 999 | |c 91 |d 91 | ||
| 952 | |0 0 |1 0 |4 0 |7 0 |a UNSW |b UNSW |d 2026-05-06 |g 1195.00 |i 16685 |l 0 |p 000078 |r 2026-05-13 12:20:53 |v 1195.00 |w 2026-05-13 |y BK | ||